Digital Techniques for Documenting and Preserving Cultural Heritage (Record no. 89859)
[ view plain ]
| 000 -LEADER | |
|---|---|
| fixed length control field | 00995nam a2200229Ia 4500 |
| 000 - LEADER | |
| fixed length control field | 01682naaa 00373uu |
| 001 - CONTROL NUMBER | |
| control field | https://directory.doabooks.org/handle/20.500.12854/37866 |
| 005 - DATE AND TIME OF LATEST TRANSACTION | |
| control field | 20260218105633.0 |
| 008 - FIXED-LENGTH DATA ELEMENTS--GENERAL INFORMATION | |
| fixed length control field | 211013s9999 xx 000 0 und d |
| 042 ## - AUTHENTICATION CODE | |
| Authentication code | dc |
| 100 1# - MAIN ENTRY--PERSONAL NAME | |
| Personal name | Bentkowska-Kafel, Anna |
| 245 #0 - TITLE STATEMENT | |
| Title | Digital Techniques for Documenting and Preserving Cultural Heritage |
| 260 ## - PUBLICATION, DISTRIBUTION, ETC. | |
| Name of publisher, distributor, etc. | Arc Humanities Press |
| Date of publication, distribution, etc. | 2018 |
| 300 ## - PHYSICAL DESCRIPTION | |
| Extent | 1 electronic resource (370 p.) |
| 520 ## - SUMMARY, ETC. | |
| Summary, etc. | This book presents interdisciplinary approaches to the examination and documentation of material cultural heritage, using non-invasive spatial and spectral optical technologies. |
| 540 ## - TERMS GOVERNING USE AND REPRODUCTION NOTE | |
| Terms governing use and reproduction | Creative Commons |
| 653 ## - INDEX TERM--UNCONTROLLED | |
| Uncontrolled term | Cultural heritage |
| 700 1# - ADDED ENTRY--PERSONAL NAME | |
| Personal name | MacDonald, Lindsay |
| 856 ## - ELECTRONIC LOCATION AND ACCESS | |
| Uniform Resource Identifier | <a href="https://docs.google.com/spreadsheets/d/1yKIrdCPDAG_9c22mwoOIO2DOhtj65Wqa/edit?usp=sharing&ouid=106555315294820607512&rtpof=true&sd=true ">https://docs.google.com/spreadsheets/d/1yKIrdCPDAG_9c22mwoOIO2DOhtj65Wqa/edit?usp=sharing&ouid=106555315294820607512&rtpof=true&sd=true </a> |
| Link text | List of Curated E-Books |
| 942 ## - ADDED ENTRY ELEMENTS (KOHA) | |
| Koha item type | E-Book |
No items available.